|
|
|
|
| LEADER |
01041nab a2200241 i 4500 |
| 001 |
misc70827 |
| 005 |
20220427083603.0 |
| 008 |
220427s2022 hu o 0|| hun d |
| 022 |
|
|
|a 1215-5238
|
| 040 |
|
|
|a SZTE Miscellanea Repozitórium
|b hun
|
| 041 |
|
|
|a hun
|
| 100 |
2 |
|
|a A. Gergely András
|
| 245 |
1 |
0 |
|a Szociológia a vallásnézet felől - avagy módszer, értékrend, társadalom
|h [elektronikus dokumentum] :
|b Nagy Péter Tibor: Vallásosság -történet, -szociológia /
|c A. Gergely András
|
| 260 |
|
|
|a Szegedi Tudományegyetem, Bölcsészet- és Társadalomtudományi Kar
|b Szeged
|c 2022
|
| 300 |
|
|
|a 107-114
|
| 490 |
0 |
|
|a Iskolakultúra
|v 32 No. 2
|
| 650 |
|
4 |
|a Társadalomtudományok
|
| 650 |
|
4 |
|a Szociológia
|
| 650 |
|
4 |
|a Bölcsészettudományok
|
| 650 |
|
4 |
|a Filozófia, etika és vallástudományok
|
| 695 |
|
|
|a Vallásszociológia - könyvismertetés, Vallástörténet - könyvismertetés
|
| 700 |
0 |
1 |
|a Nagy Péter Tibor
|
| 856 |
4 |
0 |
|u http://misc.bibl.u-szeged.hu/70827/1/iskolakultura_2022_002_107-114.pdf
|z Dokumentum-elérés
|